Sup untuk santapan rohani remaja

Bibliographic Details
Other Authors: Azam Md. Atan, Siti Eaisah Abd. Rashid
Format: Book
Published: Kuala Lumpur : Utusan Publications & Distributors , 2006
Subjects:

MARC

LEADER 00000cam a2200000 7i4500
001 0000011984
005 20160330.0
008 071122
020 |a 9676118036 
090 0 0 |a 899.23   |b SUP 
245 1 0 |a Sup untuk santapan rohani remaja   |c Diselenggarakan oleh Siti Eiasah Abd. Rashid, Azam Md. Atan 
260 |a Kuala Lumpur :   |b Utusan Publications & Distributors ,   |c 2006 
500 |a Teenager ages 13-18 years old (blue) 
650 0 |a Caricatures and cartoons 
650 0 |a Malay fiction 
650 0 |a Malay poetry 
650 0 |a Short stories, Malay 
700 0 |a Azam Md. Atan 
700 0 |a Siti Eaisah Abd. Rashid 
999 |a 0000940696   |b Book   |c Adult Collection   |e Cawangan Taman Sri Lambak 
999 |a 0000940697   |b Book   |c Adult Collection   |e Cawangan Taman Sri Lambak 
999 |a 0000940698   |b Book   |c Adult Collection   |e Cawangan Taman Sri Lambak 
999 |a 0001003336   |b Book   |c Teenagers   |e Perbadanan Perpustakaan Awam Johor 
999 |a 0001003337   |b Book   |c Teenagers   |e Perbadanan Perpustakaan Awam Johor 
999 |a 0001016220   |b Book   |c Adult Collection   |e Cawangan Tangkak 
999 |a 0001016222   |b Book   |c Adult Collection   |e Cawangan Pontian 
999 |a 0001016223   |b Book   |c Teenagers   |e Perbadanan Perpustakaan Awam Johor 
999 |a 0001016224   |b Book   |c Teenagers   |e Perbadanan Perpustakaan Awam Johor 
999 |a 000940696   |b Book   |c Adult Collection   |e Cawangan Taman Sri Lambak